Zlaté ruky

Bibliographic Details
Main Author: Derecki, Felix (Author)
Other Authors: Krupa, A. (Translator)
Format: Article
Language:Slovak
Subjects:

MARC

LEADER 00000nab a2200000 a 4500
001 vtls000036384
003 SK-MaSNL
005 20260303023002.0
008 150430c1979 xo 0 slo
015 |a SNBRB19rr/mm-uuuuu 
035 |a CL0046479 
040 |a SNKBUCL  |b slo  |c SNKBUCL  |e AACR2 
041 0 |a slo 
044 |a xo  |c SK 
080 |a 884-3  |2 1981 
100 1 |a Derecki, Felix  |4 aut  |9 949964 
245 1 0 |a Zlaté ruky  |c Felix Derecki ; A. Krupa 
500 |a Východoslovenské noviny č. 157, 1979. 
650 0 7 |a mikropoviedky  |2 snkbucl  |9 612276 
655 7 |a články z novín a časopisov  |2 snkbucl  |9 267496 
655 7 |a články z odboru literárna veda a krásna literatúra  |2 snkbucl  |9 770045 
700 1 |a Krupa, A.  |4 trl  |9 926406 
773 0 |t Príloha VN  |g Č. 27 (6. 7. 1979), s. 4 
850 |a Slovenská národná knižnica v Martine  |a MTA001 
852 |a SNK  |b KIS3GCP 
958 |a RK 
958 |a LX 
958 |a SK 
992 |a RBX 
999 |c 1631906  |d 1633836